Autobiografía científica / (Record no. 133057)

MARC details
000 -LEADER
campo de control de longitud fija 00665nam a2200217 4500
001 - NÚMERO DE CONTROL
campo de control 133057
003 - IDENTIFICADOR DE NÚMERO DE CONTROL
campo de control ES-MaACL
005 - FECHA Y HORA DE LA ÚLTIMA TRANSACCIÓN
campo de control 20230906194321.0
007 - CAMPO FIJO DE DESCRIPCIÓN FÍSICA--INFORMACIÓN GENERAL
campo de control de longitud fija t|
008 - DATOS DE LONGITUD FIJA--INFORMACIÓN GENERAL
campo de control de longitud fija 070214s1984 sp r ||||1| spa d
020 ## - NÚMERO INTERNACIONAL ESTÁNDAR DEL LIBRO
Número Internacional Estándar del Libro 84-252-1176-X
100 1# - ENTRADA PRINCIPAL--NOMBRE DE PERSONA
Nombre de persona Rossi, Aldo.
9 (RLIN) 99859
245 10 - MENCIÓN DEL TÍTULO
Título Autobiografía científica /
Mención de responsabilidad, etc. Aldo Rossi ; versión castellana de Juan José Lahuerta.
260 ## - PUBLICACIÓN, DISTRIBUCIÓN, ETC.
Lugar de publicación, distribución, etc. Barcelona :
Nombre del editor, distribuidor, etc. Gustavo Gili,
Fecha de publicación, distribución, etc. 1984.
300 ## - DESCRIPCIÓN FÍSICA
Extensión 127 p. :
Otras características físicas il. ;
Dimensiones 25 cm.
490 1# - MENCIÓN DE SERIE
Mención de serie Arquitectura contextos
700 1# - ENTRADA AGREGADA--NOMBRE PERSONAL
Nombre de persona Lahuerta, Juan José.
9 (RLIN) 69660
830 0# - PUNTO DE ACCESO ADICIONAL DE SERIE-TÍTULO UNIFORME
Título uniforme Arquitectura contextos
9 (RLIN) 186922
852 ## - LOCALIZACIÓN
Ubicación ES-MaACL
Número de control de estantería L-11386
Sublocalización o colección R.112769
Holdings
Estatus retirado Estado de pérdida Estado de daño No para préstamo Biblioteca de origen Biblioteca actual Ubicación en estantería Fecha de adquisición Fuente de adquisición Total de préstamos Signatura topográfica completa Código de barras Visto por última vez Precio de reemplazo Tipo de ítem Koha
        Biblioteca del Ateneo de Madrid Biblioteca del Ateneo de Madrid Depósito 2 17/01/2008     L-11386 1138521 23/02/2023 23/02/2023 Libro impreso